Z jakiego filmu to cytat? (Polskie filmy) - Statystyki

Ogólne statystyki
  • Ten quiz został rozwiązany 44 razy
  • Średni wynik to 5 z 11
Statystyki odpowiedzi
Cytat Film % Poprawnych
"Pruski, pruski, bo on się nazywa Pruski. Wawrzyniec Pruski, polski dziedzic!" Miś
74%
"to be ku**a or not to be" Dzień świra
69%
"Sąd sądem, a sprawiedliwość musi być po naszej stronie" Sami swoi
69%
"Nuda… Nic się nie dzieje. Proszę pana, nuda… Nic się nie dzieje, proszę pana. Siedzę sobie, proszę pana, w kinie… Pan rozumie… I tak patrzę sobie… siedzę se w kinie proszę pana… Normalnie… Patrzę, patrzę na to… No i aż mi się chce wyjść z… kina, proszę pana… I wychodzę…” Rejs
62%
"A dlaczego tu nie ma okien? A dlaczego tu nie ma klamek?" Seksmisja
56%
"Gdzie mię z tym szprajem, gamoniu!" Kiler
51%
"Ucho od śledzia" Vabank
51%
"Popowiększali się i w dupach się poprzewracało, tak?!” Kingsajz
44%
"Pan tu nie stał" Co mi zrobisz jak mnie złapiesz
36%
"Jogibabu Brawo Jasiu" Nie ma róży bez ognia
15%
"Szampan macabre" Wodzirej
0%
Nie znaleziono quizów pasujących do podanych kryteriów
Rozkład punktacji
Procent ludzi z każdym wynikiem
Percentyl według liczby udzielonych odpowiedzi
Twoja historia wyników
Nie rozwiązałeś tego quizu